Countries in Common Quiz Stats

Quiz Updated Jul 14, 2016

Challenge
Share
Tweet
Embed
Score 0/36 Timer 06:00
0 Plays Today
% Correct
Brazil
87.6%
South Korea
82.9%
North Korea
81.7%
Norway
80.2%
Sri Lanka
80.1%
Seychelles
79.7%
Canada
78.5%
China
78.3%
Mauritius
76.2%
Turkey
74.1%
Tanzania
73.5%
Vatican City
73.1%
Laos
73%
Uganda
71.1%
Morocco
70.6%
Sudan
70.1%
Egypt
69.8%
Italy
69.7%
% Correct
Kenya
69.6%
San Marino
69%
Myanmar
67.3%
Argentina
66.2%
Lesotho
65.7%
Slovenia
62.7%
Pakistan
62.7%
Chile
62.4%
Montenegro
62%
Romania
61.5%
New Zealand
60.5%
Slovakia
57.7%
Guinea-Bissau
57.7%
Russia
54.9%
Angola
53.7%
Burkina Faso
52.5%
Czechia
49.3%
Azerbaijan
45.5%

You're not logged in!

Compare scores with friends on all Sporcle quizzes.
Sign Up with Email
OR
Log In

You Might Also Like...

Show Comments

Extras

Top Quizzes Today


Score Distribution

Your Account Isn't Verified!

In order to create a playlist on Sporcle, you need to verify the email address you used during registration. Go to your Sporcle Settings to finish the process.